000 00586nam a22001337a 4500
008 140530b xxu||||| |||| 00| 0 eng d
020 _a9780813340944
100 _aCronk, Lee
_910500
245 _aFrom Mukogodo to Massai
_bEthnicity and cultural change in Kenya
_cLee Cronk
260 _aUnited States of America
_bWestview Press
_c2004
300 _axii, 172p. ;
_c23cm.
650 _aYaauku (African People)
_xEthnic identity
_xCultural assimilation
_xSocial conditions
_xMasai (African - People)
_xEthnic identity
_xColonization
_xSocial life and Customs
_910501
942 _2lcc
_cMONOGRAPH
999 _c120581
_d120581